Gates of excellence : on reading and writing books for children /

A collection of essays relating to the author's experience as a writer of novels for children, and her ideas on children's literature in general.

Bibliographic Details
Main Author: Paterson, Katherine
Format: Book
Language:English
Published: New York : Elsevier/Nelson Books, [1981]
Edition:1st ed.
Subjects:

MARC

Tag First Indicator Second Indicator Subfields
LEADER 00000pam a2200000 a 4500
001 in00000048928
005 20151007075745.0
008 810610s1981 nyu 00010 eng
010 |a  81009698  
020 |a 0525667504 :  |c $10.00 
035 |a (OCoLC)07577764 
035 |9 AAF3761AM 
039 0 |a 2  |b 3  |c 3  |d 3  |e 3 
040 |a DLC  |c DLC  |d TXA  |d UtOrBLW 
049 |a [Curr Col] TXAM  |c 1 [388397], 2 [388398] 
050 0 0 |a PS3566 A779  |b  Z465 1981 
082 0 |a 809/.89282  |2 19 
100 1 |a Paterson, Katherine. 
245 1 0 |a Gates of excellence :  |b on reading and writing books for children /  |c Katherine Paterson. 
250 |a 1st ed. 
264 1 |a New York :  |b Elsevier/Nelson Books,  |c [1981] 
264 4 |c ©1981 
300 |a 127 pages ;  |c 21 cm. 
336 |a text  |b txt  |2 rdacontent 
337 |a unmediated  |b n  |2 rdamedia 
338 |a volume  |b nc  |2 rdacarrier 
520 |a A collection of essays relating to the author's experience as a writer of novels for children, and her ideas on children's literature in general. 
600 1 0 |a Paterson, Katherine  |x Authorship. 
600 1 1 |a Paterson, Katherine  |x Authorship. 
650 0 |a Children's literature  |x Authorship. 
650 0 |a Children  |x Books and reading. 
650 1 |a Children's literature  |x Authorship. 
650 1 |a Children  |x Books and reading. 
999 |a MARS 
999 f f |s 7b26a803-f5ca-3e47-9af4-350ceba458ee  |i c93ba1cb-3f47-3e01-b006-f2c7bad667ae  |t 0 
952 f f |p ric  |a Texas A&M University  |b Rellis Campus  |c Joint Library Facility  |d Remote Storage  |t 0  |e PS3566 A779 Z465 1981  |h Library of Congress classification  |i unmediated -- volume  |m A14805941826 
952 f f |p normal  |a Texas A&M University  |b College Station  |c Sterling C. Evans Library  |d Evans: Library Stacks  |t 0  |e PS3566 A779 Z465 1981  |h Library of Congress classification  |i unmediated -- volume  |m A14805941834 
998 f f |a PS3566 A779 Z465 1981  |t 0  |l Evans: Library Stacks 
998 f f |a PS3566 A779 Z465 1981  |t 0  |l Remote Storage